000
00341nam a2200157Ia 4500
008
230512s9999 xx 000 0 und d
041
_a
eng
100
_a
NAAC
245
_a
NAAC - A PROFILE
250
_a
1
260
_b
NAAC BANGALORE
300
_a
31
500
_a
Paper Back
520
_a
Reference Copy
650
_a
Reference Book
999
_c
407155
_d
407155